000
00216nam a2200097Ia 4500
008
220204s9999 xx 000 0 und d
082
_a
82-3
_b
WIL
100
_a
Willis, Ted
245
0
_a
Churchill commando
942
_c
BK
999
_c
32239
_d
32239